000 00316nam a22001333 4500
001 206904
005 20250825105555.0
090 _a206904
100 _a20250825 ukry50
101 _aukr
102 _aUA
200 _a
801 _2unimarc
_aUA
_gpsbo
942 _cNEWSPAPER